000 00925cam a22002531 4500
001 med47001461
003 DLC
005 20260227111602.0
008 750606s1947 xx 000 0 eng
010 _amed47001461
035 _a(OCoLC)1377644
040 _aDLC
_cMoSW-M
_dDLC
042 _apremarc
050 0 0 _aRA424.5.G6
_bM35
082 _a926.1
100 1 _aMartin, Thomas Wesley.
245 1 0 _aDoctor William Crawford Gorgas of Alabama and the Panama Canal
_c[by] Thomas W. Martin.
260 _aNew York,
_bThe Newcomen Society of England, American Branch,
_c1947.
300 _a41 [7] p.
_billus., plates, ports.
_c23 cm.
500 _a"First printing: January 1947."
500 _a"Address ... delivered ... at the 1947 Alabama dinner of the Newcomen Society of England, held at ... Birmingham ... January 31, 1947."
600 1 0 _aGorgas, William Crawford,
_d1854-1920.
651 0 _aPanama Canal (Panama)
999 _c38325
_d38325